000 00767nam a2200253 4500
003 OSt
005 20260530113904.0
008 260417b1958 |||a|||| |||| 00| 0 eng d
040 _aICI
_bspa
_cICI
041 _aeng
_heng
050 _aNE1843
_bB53
100 1 _aJacob Israel Biegeleisen
_d1910
_932609
240 _aSilk screen techniques
245 1 0 _aSilk screen techniques /
_cpor J. I. Biegeleisen y B. A. Cohn.
260 _aNew York :
_bDover publications,
_c1958
264 1 _bDover Publications
_c1958
_aNew York :
300 _a187 páginas
336 _atexto
_2rdacontent
337 _asin medio
_2rdamedia
338 _avolumen
_2rdacarrier
650 _aSerigrafĂ­a
_932610
700 _aCohn, Max Arthur
_d1904- ,
_eautor
_932611
942 _2ddc
_cBK
999 _c11885
_d11885